005180000a2200145000450024501580000065000320015865000200019065000090021065000220021965100200024104100130026170000240027410000250029877300490032310aEffects of rain forest disturbance and fragmentation: comparative changes of the raptor community along natural and human-made gradients in french Guiana14aDegradación del hábitat14aDeforestación14aAves14aUso del hábitat 4pGuyana francesa0 aInglés1 aThiollay, Jean Marc1 aJullien, Mathilde de1 tJournal of Biogeography3248h23q7-25d1996